000 00838nam a2200217 a 4500
001 000023497
005 20200930022248.0
008 101209s1981 mx r 000 0 spa d
040 _aDO-SdBNP
_bspa
_cBNPHU
041 1 7 _aspa
_heng
_2Código de idiomas MARC
082 _annnn
_bG493p
100 1 _aGinzberg, Eli,
_948422
240 1 0 _aManpower for development.
_lEspañol.
245 1 3 _aEl potencial humano en el desarrollo :
_bperspectivas en cinco continentes /
_cEli Ginzberg ; traducción de Elisa Moreno C.
260 _aMéxico :
_bNOEMA,
_c1981.
300 _a155, p. ;
_c21 cm.
504 _aIncluye referencias bibliográficas y notas al pie de las páginas.
534 _pTítulo original en inglés:
_tManpower for development.
_cNew York : Praeger Publishers, 1978
700 1 _aMoreno C. Elisa,
_etr.
_948423
049 _aBNGR
999 _c22993
_d22993